00892 2200265 4500001002100000005001700021008004100038035002400079040001200103041000800115082001800123090002000141090002200161110007600183245014000259250001100399260008500410300003200495650001900527850001200546990001600558990001600574990001800590990001800608INLIS00000000000737620170725142812.0 ind  0010-071500000000059 aYOPDYOG0 aind042[23]a959.811 aT 959.811 Ind S aBTR 959.811 Ind S1 aINDONESIA. Departemen Komunikasi dan Informatika Badan Informasi Publik1 aSafari damai di propinsi Nangroe Aceh Darussalam :bwawancara TVRI Banda Aceh bersama menteri Komunikasi dan Informatika 1 Oktober 2005 aCet. 1 aJakarta ;bBadan Infoemasi Publik, Departemen Komunikasi dan Informatika ,c2005 aiv, 11 hlm :bilus ;c21 cm 4aAceh - Keadaan aYOPDYOG a025-PK/A.07 a026-PK/A.07 a55466-PD/A.17 a55467-PD/A.17